De la `Imitación y el fuego` y otros poemas / (Record no. 133038)

MARC details
000 -LEADER
campo de control de longitud fija 00747nam a2200205 4500
001 - NÚMERO DE CONTROL
campo de control 133038
003 - IDENTIFICADOR DE NÚMERO DE CONTROL
campo de control ES-MaACL
005 - FECHA Y HORA DE LA ÚLTIMA TRANSACCIÓN
campo de control 20251221063015.0
007 - CAMPO FIJO DE DESCRIPCIÓN FÍSICA--INFORMACIÓN GENERAL
campo de control de longitud fija t|
008 - DATOS DE LONGITUD FIJA--INFORMACIÓN GENERAL
campo de control de longitud fija 070214s1970 sp r ||||1| spa d
100 1# - ENTRADA PRINCIPAL--NOMBRE DE PERSONA
Nombre de persona Rosselló-Porcel, Bartomeu,
Fechas asociadas al nombre 1913-1938
9 (RLIN) 132074
245 10 - MENCIÓN DEL TÍTULO
Título De la `Imitación y el fuego` y otros poemas /
Mención de responsabilidad, etc. Bartolomé Rosselló-Porcel ; presentación de Salvador Espriu ; introducción de Antoni Comas ; versión de Jaime Pomar.
260 ## - PUBLICACIÓN, DISTRIBUCIÓN, ETC.
Lugar de publicación, distribución, etc. Barcelona :
Nombre del editor, distribuidor, etc. Polígrafa,
Fecha de publicación, distribución, etc. 1970.
300 ## - DESCRIPCIÓN FÍSICA
Extensión 115 p. :
Otras características físicas il. ;
Dimensiones 21 cm.
700 1# - ENTRADA AGREGADA--NOMBRE PERSONAL
Nombre de persona Espriu, Salvador,
Fechas asociadas al nombre 1913-1985
9 (RLIN) 47947
700 1# - ENTRADA AGREGADA--NOMBRE PERSONAL
Nombre de persona Comas, Antoni.
9 (RLIN) 39930
700 1# - ENTRADA AGREGADA--NOMBRE PERSONAL
Nombre de persona Pomar, Jaume.
9 (RLIN) 92897
852 ## - LOCALIZACIÓN
Ubicación ES-MaACL
Número de control de estantería C-41497
Sublocalización o colección R.79818
Holdings
Estatus retirado Estado de pérdida Estado de daño No para préstamo Biblioteca de origen Biblioteca actual Ubicación en estantería Fecha de adquisición Fuente de adquisición Total de préstamos Signatura topográfica completa Código de barras Visto por última vez Precio de reemplazo Tipo de ítem Koha
        Biblioteca del Ateneo de Madrid Biblioteca del Ateneo de Madrid Depósito 2 17/01/2008     C-41497 1138502 23/02/2023 23/02/2023 Libro impreso